So It Goes... - Taylor Swift (All Lyrics) - Statistics

General Stats
  • This quiz has been taken 290 times
  • The average score is 351 of 391
Answer Stats
Lyrics % Correct
I
100%
(I
100%
goes
99%
it
99%
so
99%
So
99%
So,
99%
so,
99%
you
98%
you,
98%
You
98%
a
97%
in
97%
me
97%
me,
97%
on
97%
the
97%
All
96%
all
96%
and
96%
And
96%
But
95%
but
95%
But,
95%
my
95%
your
95%
eyes
94%
I'm
94%
bad
93%
do
93%
do)
93%
girl,
93%
into
93%
know
93%
things
93%
to
93%
us
93%
not
92%
pieces
92%
(Pieces
92%
with
91%
dark
90%
down
90%
fall
90%
fall)
90%
lose
90%
place
90%
right
90%
we
90%
We
90%
face
89%
baby,
88%
baby
88%
(Baby)
88%
countin'?
88%
get
88%
it's
88%
lipstick
88%
See
88%
who's
88%
Who's
88%
Back
86%
back
86%
break
86%
did
86%
keep
86%
magician
86%
(One,
86%
up
86%
up,
86%
up),
86%
what
86%
when
86%
yours
86%
little
85%
make
85%
moment,
85%
moment
85%
now
85%
simple
85%
'Cause
84%
'Cause,
84%
got
84%
honestly,
84%
number
84%
three)
84%
two,
84%
can
83%
caught
83%
(Caught
83%
feel
83%
Wear
80%
alone,
79%
heart
78%
illusionist
77%
like
77%
Cut
76%
jealous
76%
disappear
75%
you're
75%
days
74%
Scratches
74%
Come
72%
everyone
72%
necklace
72%
black
71%
here,
71%
(Oh)
71%
Gettin'
70%
chill,
69%
clear
69%
against
68%
dressed
68%
feelings
67%
gone
67%
skip
67%
wall
67%
Skippin',
65%
skippin'
65%
bar
63%
gray
63%
Met
63%
hostage
62%
trip
61%
Trippin',
61%
trippin'
61%
cage,
56%
Gold
56%
No matching quizzes found
Score Distribution
Percent of People with Each Score
Percentile by Number Answered
Your Score History
You have not taken this quiz